000 00467nam a2200193Ia 4500
008 240510s9999 xx 000 0 und d
020 _a0000712669663
041 _aEng
082 _a658.4038
082 _bR21
100 _aREAD,T.: & CHACE,C. & ROWE, S.
245 4 _aTHE INTERNET START-UP BIBLE
260 _bAUSTRALIA : RANDOM HOUSE, BUSINES BOOKS
260 _c2000
300 _a264 p.
650 _aE- BUSINESS :
942 _2ddc
942 _cRBK
999 _c28035
_d28035
945 _a1
_bMadushi Gamage
_c1
_dMadushi Gamage